000 00934nas a2200289 4500
001 BR9703602
003 BR-BrBNA
005 20231205100319.0
007 ta
008 230509b bl.|||p| |||| 00| 00por d
040 _aBR-BrBNA
_bpor
_cBiblioteca Nacional de Agricultura
041 _a(Pt)
072 _aF02
100 1 _aAntunes, L.E.C.
100 1 _aChalfun, N.N.J.
100 1 _aRamos, J.D.
100 1 _aPasqual, M.
100 1 _aVeiga, R.D.
245 1 _aInfluencia de diferentes periodos da estratificacao, concentracoes de acido indolbutirico e substratos no enraizamento de estacas de figueira
650 _aFigo
650 _aAcido Indolbutirico
650 _aEnraizamento de Estaca
650 _aRegulador de Crescimento
773 0 _tCiencia e Agrotecnologia (Brazil)
_xISSN 1413-7054
_g(Jul-Sep 1996), v. 20(3) p. 307-314
_wBR9703602
909 _a202311
_bLúcia
_c55
_dLúcia Elande
942 _2AGRIS
_n0
_cANA
999 _c155305
_d155305